000 00526nam a2200169 a 4500
005 20140310183457.0
008 100318s19uu xx 00 eng d
020 _a9783791333120
050 _aTT 504
_b.Ic28 2005
245 _aIcons of fashion :
_bthe 20th century /
_cedited by Gerda Buxbaum.
260 _aMunich :
_bPrestel,
_c2005.
300 _a192 p. :
_bcol. ill. ;
_c24 cm.
650 _aFashion
_xhistory
_x20th century.
650 _aFashion design
_xhistory
_x20th century.
942 _cBK
_2lcc
_kFOR
999 _c23691
_d23691